Investment policies and practices of life insurance companies in Singapore : review of current issues and trends /
Saved in:
| Main Author: | |
|---|---|
| Format: | Thesis Book |
| Language: | English |
| Published: |
1996.
|
| Subjects: | |
| Tags: |
Add Tag
No Tags, Be the first to tag this record!
|
| LEADER | 00897cam a2200241 a 4500 | ||
|---|---|---|---|
| 001 | u403696 | ||
| 003 | SIRSI | ||
| 008 | 961008s1996 si v 00 10 eng m | ||
| 035 | |a ACB-4295 | ||
| 040 | |a UMM | ||
| 043 | |a a-si--- | ||
| 090 | |a HG8704.67 |b Koh | ||
| 100 | 1 | 0 | |a Koh, Kenneth Chi Kian. |
| 245 | 1 | 0 | |a Investment policies and practices of life insurance companies in Singapore : |b review of current issues and trends / |c by Koh Chi Kian, Kenneth. |
| 260 | |c 1996. | ||
| 300 | |a xi, 96 leaves : |b ill. ; |c 31 cm. | ||
| 502 | |a Dissertation (M.B.A.) -- National University of Singapore, 1996. | ||
| 504 | |a Bibliography: leaves 90-96. | ||
| 650 | 0 | |a Insurance companies |z Singapore |x Investments | |
| 650 | 0 | |a Insurance, Life |z Singapore |x Finance. | |
| 948 | |a 08/10/1996 |b 25/11/2000 | ||
| 596 | |a 1 | ||
| 999 | |a HG8704.67 KOH |w LC |c 1 |i A506161120 |d 13/4/2009 |e 13/4/2009 |l STACKS |m P01UTAMA |n 19 |r Y |s Y |t TESIS |u 30/1/1997 | ||
